000 00608nam a2200265Ia 4500
005 20260306164233.0
008 008 260114s9999 xx 000 0 eng d
020 _a9780748671762
037 _aEBOOK
040 _aCRL
040 _beng
040 _cCRL
041 _2eng
041 _aeng
084 _qCRL
100 _aBuchanan, Lambert
_91130262
245 0 _aDeleuze And Space
260 _bEdinburgh University Press
260 _c2012
650 _aPhilosophy
856 _uhttps://academic.oup.com/book/15497
942 _cEBOOK
999 _c1713307
_d1713307